Možnosti akceptácie elektronických faktúr
Výhody elektronickej fakturácie. Elektronická fakturácia a účtovné predpisy. Elektronická faktúra versus problematika DPH.
Salvato in:
| Autore principale: | |
|---|---|
| Natura: | Capitolo di libro |
| Lingua: | slovacco |
| Soggetti: | |
| Tags: |
Nessun Tag, puoi essere il primo ad aggiungerne!!
|
MARC
| LEADER | 00000naa$a2200000$$$4500 | ||
|---|---|---|---|
| 001 | 0088522 | ||
| 005 | 20231120082732.7 | ||
| 041 | 0 | |a slo | |
| 044 | |a SK | ||
| 245 | 1 | 0 | |a Možnosti akceptácie elektronických faktúr |c Ján Mintál |
| 520 | |a Výhody elektronickej fakturácie. Elektronická fakturácia a účtovné predpisy. Elektronická faktúra versus problematika DPH. | ||
| 610 | 2 | 0 | |a faktúry |
| 610 | 2 | 0 | |a predpisy |
| 610 | 2 | 0 | |a účtovníctvo |
| 610 | 2 | 0 | |a dane z hodnoty pridanej |
| 100 | 1 | |a Mintál, Ján | |